000 00273nam a2200109Ia 4500
008 230822s1999 xx 000 0 und d
041 _aeng
100 _aPATEL K M
245 _aNAAC ACCCREDITATION OF HIGHER EDUCATION
260 _bMARK PUBLISHISHER
_c1999
300 _a2005
999 _c857726
_d857726